Datum a čas kvízu
29
Celkem bodů
Celkový počet nahraných bodů na tomto kvízu bez doplňovacích otázek.
5.
Pořadí na kvízu
Konečné umístění týmu na tomto kvízu.
Zaznamenané odpovědi
| # | Otázka | Odpověď | Body | Výsledky |
|---|---|---|---|---|
| 1. | Ke kácení stromů ve většině př... | trhavinu | 1 | |
| 2. | Nevšední hříšník uvízl v pondě... | C) holub | 1 | |
| 3. | Rozhořčení občané jednoho měst... | v Táboře | 0 | |
| 4. | Minulý týden oznámila italská... | Silvio Berlusconi | 1 | |
| 5. | V prvním přípravném zápase pře... | Německo, David Tomášek | 0.5 | |
| 6. | V pěti otázkách tohoto tématu... | halit | 1 | |
| 7. | Jaká je denní dávka kuchyňské... | B | 1 | |
| 8. | Jak se nazývá původem japonská... | C) gomasio | 0 | |
| 9. | Nejen lidé, ale i zvířata potř... | liz | 1 | |
| 10. | Chcete-li si užít blahodárného... | D) Bad Ischl | 1 |